Královéhradecký kraj - obce (440+) - Statistics

General Stats
  • This quiz has been taken 9 times
  • The average score is 64 of 445
Answer Stats
x Answer % Correct
x Broumov
86%
x Červený Kostelec
86%
x Dolní Dvůr
86%
x Hrádek
86%
x Jaroměř
86%
x Jičín
86%
x Náchod
86%
x Nová Paka
86%
x Nový Hrádek
86%
x Trutnov
86%
x Chlumec nad Cidlinou
71%
x Dobruška
71%
x Dvůr Králové nad Labem
71%
x Hradec Králové
71%
x Kostelec
71%
x Nové Město
71%
x Nový Bydžov
71%
x Pec pod Sněžkou
71%
x Stará Paka
71%
x Třebechovice
71%
x Vrchlabí
71%
x Černilov
57%
x Česká Skalice
57%
x Hronov
57%
x Kostelec nad Orlicí
57%
x Meziměstí
57%
x Mladé Buky
57%
x Nechanice
57%
x Nové Město nad Metují
57%
x Opočno
57%
x Police nad Metují
57%
x Týniště nad Orlicí
57%
x Val
57%
x Vamberk
57%
x Bílsko u Hořic
43%
x Borohrádek
43%
x Častolovice
43%
x České Meziříčí
43%
x Hostinné
43%
x Jánské Lázně
43%
x Lukavec u Hořic
43%
x Maršov u Úpice
43%
x Milovice u Hořic
43%
x Potštejn
43%
x Předměřice nad Labem
43%
x Rokytnice v Orlických horách
43%
x Rtyně v Podkrkonoší
43%
x Smiřice
43%
x Solnice
43%
x Stěžery
43%
x Svoboda nad Úpou
43%
x Teplice nad Metují
43%
x Úpice
43%
x Všestary
43%
x Žacléř
43%
x Adršpach
29%
x Albrechtice nad Orlicí
29%
x Batňovice
29%
x Běleč nad Orlicí
29%
x Bezděkov nad Metují
29%
x Bílá Třemešná
29%
x Bohuslavice
29%
x Borová
29%
x Božanov
29%
x Čermná nad Orlicí
29%
x Česká Čermná
29%
x Česká Metuje
29%
x Čestice
29%
x Deštné v Orlických horách
29%
x Dolní Olešnice
29%
x Havlovice
29%
x Heřmanice
29%
x Horní Maršov
29%
x Jívka
29%
x Kocbeře
29%
x Kopidlno
29%
x Kounov
29%
x Králova Lhota
29%
x Kuks
29%
x Lázně Bělohrad
29%
x Libřice
29%
x Lično
29%
x Lípa nad Orlicí
29%
x Lochenice
29%
x Machov
29%
x Malá Úpa
29%
x Miletín
29%
x Nová Ves
29%
x Olešnice
29%
x Provodov-Šonov
29%
x Radvanice
29%
x Říčky
29%
x Říkov
29%
x Slavětín nad Metují
29%
x Sobotka
29%
x Šonov
29%
x Špindlerův Mlýn
29%
x Velká Jesenice
29%
x Velké Poříčí
29%
x Výrava
29%
x Vysoká nad Labem
29%
x Žďár nad Metují
29%
x Žďár nad Orlicí
29%
x Zlatá Olešnice
29%
x Bačetín
14%
x Bartošovice v Orlických horách
14%
x Bernartice
14%
x Blešno
14%
x Bohdašín
14%
x Bolehošť
14%
x Borovnice
14%
x Borovnička
14%
x Bukovice
14%
x Bystré
14%
x Čermná
14%
x Černčice
14%
x Černý Důl
14%
x Červená Hora
14%
x Chotěvice
14%
x Choustníkovo Hradiště
14%
x Chvaleč
14%
x Chvalkovice
14%
x Divec
14%
x Dobré
14%
x Dolany
14%
x Dolní Branná
14%
x Dolní Kalná
14%
x Dolní Lánov
14%
x Dolní Přím
14%
x Dolní Radechová
14%
x Doudleby
14%
x Dubenec
14%
x Hajnice
14%
x Hejtmánkovice
14%
x Heřmánkovice
14%
x Hlušice
14%
x Holohlavy
14%
x Hořenice
14%
x Hořičky
14%
x Horní Kalná
14%
x Horní Radechová
14%
x Janov
14%
x Jasenná
14%
x Javornice
14%
x Jeníkovice
14%
x Jestřebí
14%
x Jetřichov
14%
x Jílovice
14%
x Kacákova Lhota
14%
x Klášterská Lhota
14%
x Konecchlumí
14%
x Královec
14%
x Kunčice
14%
x Kunčice nad Labem
14%
x Kvasiny
14%
x Lampertice
14%
x Lánov
14%
x Lanžov
14%
x Lejšovka
14%
x Lhota pod Libčany
14%
x Libčany
14%
x Libňatov
14%
x Libníkovice
14%
x Librantice
14%
x Libuň
14%
x Litíč
14%
x Malé Svatoňovice
14%
x Máslojedy
14%
x Mezilesí
14%
x Nahořany
14%
x Nepolisy
14%
x Očelice
14%
x Ohnišov
14%
x Olešnice v Orlických horách
14%
x Orlické Záhoří
14%
x Ostroměř
14%
x Otovice
14%
x Pecka
14%
x Petrovice
14%
x Pilníkov
14%
x Podbřezí
14%
x Pohoří
14%
x Přepychy
14%
x Rasošky
14%
x Rohenice
14%
x Roudnice
14%
x Sadová
14%
x Šárovcova Lhota
14%
x Sedloňov
14%
x Sendraž
14%
x Sendražice
14%
x Skalice
14%
x Skuhrov nad Bělou
14%
x Slatina nad Úpou
14%
x Slatina nad Zdobnicí
14%
x Slavoňov
14%
x Sněžné
14%
x Staré Buky
14%
x Strážné
14%
x Studnice
14%
x Suchý Důl
14%
x Valdice
14%
x Velichovky
14%
x Velká Petrovice
14%
x Velké Svatoňovice
14%
x Velký Vřešťov
14%
x Vernéřovice
14%
x Vestec
14%
x Vítězná
14%
x Vlčice
14%
x Vlčkovice v Podkrkonoší
14%
x Vlkov
14%
x Vysoká Srbská
14%
x Vysoký Újezd
14%
x Záměl
14%
x Žďárky
14%
x Zelenecká Lhota
14%
x Žernov
14%
x Babice
0%
x Bačalky
0%
x Barchov
0%
x Bašnice
0%
x Běchary
0%
x Benátky
0%
x Bílé Poličany
0%
x Bílý Újezd
0%
x Boháňka
0%
x Boharyně
0%
x Borek
0%
x Brada
0%
x Březina
0%
x Bříšťany
0%
x Brzice
0%
x Budčeves
0%
x Bukvice
0%
x Butoves
0%
x Bystřice
0%
x Byzhradec
0%
x Cerekvice nad Bystřicí
0%
x Černíkovice
0%
x Černožice
0%
x Červená Třemešná
0%
x Češov
0%
x Chleny
0%
x Chlístov
0%
x Cholenice
0%
x Chomutice
0%
x Choteč
0%
x Chudeřice
0%
x Chyjice
0%
x Čistěves
0%
x Detěnice
0%
x Dílce
0%
x Dobřany
0%
x Dobrá Voda
0%
x Dobřenice
0%
x Dohalice
0%
x Dolní Brusnice
0%
x Dolní Lochov
0%
x Doubravice
0%
x Dřevěnice
0%
x Habřina
0%
x Hněvčeves
0%
x Holín
0%
x Holovousy
0%
x Hořice
0%
x Hořiněves
0%
x Horní Brusnice
0%
x Hřibiny
0%
x Hřibojedy
0%
x Humburky
0%
x Hvozdnice
0%
x Hynčice
0%
x Jahodov
0%
x Jeřice
0%
x Jičíněves
0%
x Jinolice
0%
x Káranice
0%
x Kbelnice
0%
x Klamoš
0%
x Kněžnice
0%
x Kobylice
0%
x Kohoutov
0%
x Kosice
0%
x Kosičky
0%
x Kostelecké Horky
0%
x Kovač
0%
x Kozojedy
0%
x Králíky
0%
x Kramolna
0%
x Kratonohy
0%
x Krchleby
0%
x Křinice
0%
x Kyje
0%
x Ledce
0%
x Lhota pod Hořičkami
0%
x Lhoty u Potštejna
0%
x Libáň
0%
x Libchyně
0%
x Libel
0%
x Liberk
0%
x Libošovice
0%
x Libotov
0%
x Lišice
0%
x Lískovice
0%
x Litoboř
0%
x Lodín
0%
x Lovčice
0%
x Lukavice
0%
x Lupenice
0%
x Lužany
0%
x Lužec nad Cidlinou
0%
x Markvartice
0%
x Martínkovice
0%
x Měník
0%
x Mezilečí
0%
x Mladějov
0%
x Mlázovice
0%
x Mlékosrby
0%
x Mokré
0%
x Mokrovousy
0%
x Mostek
0%
x Myštěves
0%
x Mžany
0%
x Neděliště
0%
x Nemojov
0%
x Nemyčeves
0%
x Nevratice
0%
x Nový Ples
0%
x Obědovice
0%
x Ohařice
0%
x Ohaveč
0%
x Ohnišťany
0%
x Osečnice
0%
x Osek
0%
x Osice
0%
x Osičky
0%
x Ostružno
0%
x Pěčín
0%
x Petrovičky
0%
x Písek
0%
x Podhorní Újezd a Vojice
0%
x Podhradí
0%
x Podůlší
0%
x Polom
0%
x Prasek
0%
x Praskačka
0%
x Převýšov
0%
x Přibyslav
0%
x Proruby
0%
x Prosečné
0%
x Pšánky
0%
x Puchlovice
0%
x Račice nad Trotinou
0%
x Radíkovice
0%
x Radim
0%
x Radostov
0%
x Rašín
0%
x Rohoznice
0%
x Rokytňany
0%
x Rožnov
0%
x Rychnovek
0%
x Samšina
0%
x Šaplava
0%
x Sběr
0%
x Sedliště
0%
x Sekeřice
0%
x Semechnice
0%
x Šestajovice
0%
x Skřivany
0%
x Slatiny
0%
x Slavhostice
0%
x Sloupno
0%
x Smidary
0%
x Smržov
0%
x Sobčice
0%
x Soběraz
0%
x Sovětice
0%
x Stanovice
0%
x Stará Voda
0%
x Staré Hrady
0%
x Staré Místo
0%
x Staré Smrkovice
0%
x Stárkov
0%
x Starý Bydžov
0%
x Stračov
0%
x Střevač
0%
x Střezetice
0%
x Suchovršice
0%
x Sukorady
0%
x Svatojánský Újezd
0%
x Světí
0%
x Svídnice
0%
x Synkov
0%
x Syrovátka
0%
x Těchlovice
0%
x Tetín
0%
x Třebešov
0%
x Třebihošť
0%
x Třebnouševes
0%
x Třesovice
0%
x Trnov
0%
x Trotina
0%
x Třtěnice
0%
x Tuř
0%
x Tutleky
0%
x Úbislavice
0%
x Údrnice
0%
x Úhlejov
0%
x Újezd pod Troskami
0%
x Úlibice
0%
x Urbanice
0%
x Veliš
0%
x Velký Třebešov
0%
x Vidochov
0%
x Vilantice
0%
x Vinary
0%
x Vitiněves
0%
x Voděrady
0%
x Volanice
0%
x Vrbice
0%
x Vrchovnice
0%
x Vřesník
0%
x Vršce
0%
x Vršovka
0%
x Vysoké Veselí
0%
x Vysokov
0%
x Zábřezí
0%
x Zábrodí
0%
x Zachrašťany
0%
x Zaloňov
0%
x Zámostí
0%
x Zdechovice
0%
x Zdelov
0%
x Zdobín
0%
x Zdobnice
0%
x Železnice
0%
x Žeretice
0%
x Židovice
0%
No matching quizzes found
Score Distribution
Percent of People with Each Score
Percentile by Number Answered
Your Score History
You have not taken this quiz